00786 a2200385 4500000002100000001000700021005001700028008004100045010000500086020000500091082001700096100002100113110000500134245010200139250000500241260002900246300001000275490000700285500000500292600000500297610000500302611000500307630000500312650000500317651000500322654000500327700002500332710000900357711000500366720000500371730000500376740000500381752000500386856000900391BKB 07108120200902150924.0  a a a368.011bO4N1 aOhlsson, Esbjorn a1 aNon Life insurance pricing with generalized linear modelscby Esbjorn Ohlsson and Bjorn Johansson a aNew YorkbSpringerc2010 a174p. av a a a a a a a a aJohansson, Bjornbc abc a a a a a adf